Lean Service Dienstleistungsmanagement der Zukunft für Unternehmen und Non-Profit-Organisationen

Enregistré dans:
Détails bibliographiques
Autres auteurs: Biehal, Franz
Format: Livre
Langue:allemand
Publié: Wien Manz 1993
Édition:1. Aufl.
Sujets:
Tags: Ajouter un tag
Pas de tags, Soyez le premier à ajouter un tag!

MARC

LEADER 00000nam a2200000 4500
001 c003610
005 20221206074648.9
020 |a 3-214-08226-4 
041 0 |a ger 
044 |a AT 
245 1 0 |a Lean Service  |b Dienstleistungsmanagement der Zukunft für Unternehmen und Non-Profit-Organisationen  |c Edit. Franz Biehal 
250 |a 1. Aufl. 
264 1 |a Wien  |b Manz  |c 1993 
300 |a 195 s. 
610 2 0 |a lean service 
610 2 0 |a služby 
610 2 0 |a manažment 
610 2 0 |a podnik 
610 2 0 |a organizácie neziskové 
610 2 0 |a kvalita 
610 2 0 |a marketing 
610 2 0 |a zákazníci 
610 2 0 |a projekty 
610 2 0 |a služby sociálne 
700 1 |a Biehal, Franz